| Tag |
First Indicator |
Second Indicator |
Subfields |
| LEADER |
00000cam a2200000Ia 4500 |
| 001 |
in00002000620 |
| 005 |
20220105141714.0 |
| 006 |
m d |
| 007 |
cr cnu---unuuu |
| 008 |
040402s2004 nbuab ob 001 0 eng d |
| 020 |
|
|
|a 0803203926 (electronic bk.)
|
| 020 |
|
|
|a 9780803203921 (electronic bk.)
|
| 035 |
|
|
|a (OCoLC)ocm54860099
|
| 035 |
|
|
|a (OCoLC)54860099
|
| 040 |
|
|
|a N$T
|b eng
|c N$T
|d OCLCQ
|d YDXCP
|d OCLCG
|d OCLCQ
|d TXA
|d UtOrBLW
|
| 043 |
|
|
|a e-gx---
|
| 049 |
|
|
|a TXAM
|
| 050 |
|
4 |
|a D804.3
|b .B773 2004eb
|
| 072 |
|
7 |
|a HIS
|x 043000
|2 bisacsh
|
| 082 |
0 |
4 |
|a 940.53/1811
|2 22
|
| 100 |
1 |
|
|a Browning, Christopher R.
|0 http://id.loc.gov/authorities/names/n78026604
|
| 245 |
1 |
4 |
|a The origins of the Final Solution :
|b the evolution of Nazi Jewish policy, September 1939-March 1942 /
|c Christopher Browning ; with contributions by Jürgen Matthäus.
|
| 264 |
|
1 |
|a Lincoln :
|b University of Nebraska Press,
|c [2004]
|
| 264 |
|
4 |
|c ©2004
|
| 300 |
|
|
|a 1 online resource (xii, 615 pages) :
|b illustrations, maps.
|
| 336 |
|
|
|a text
|b txt
|2 rdacontent
|
| 337 |
|
|
|a computer
|b c
|2 rdamedia
|
| 338 |
|
|
|a online resource
|b cr
|2 rdacarrier
|
| 490 |
1 |
|
|a Comprehensive history of the Holocaust
|
| 504 |
|
|
|a Includes bibliographical references (pages 549-578) and index.
|
| 588 |
|
|
|a Description based on print version record.
|
| 500 |
|
|
|a Electronic resource.
|
| 650 |
|
0 |
|a Holocaust, Jewish (1939-1945)
|0 http://id.loc.gov/authorities/subjects/sh85061515
|
| 650 |
|
0 |
|a Holocaust, Jewish (1939-1945)
|x Causes.
|0 http://id.loc.gov/authorities/subjects/sh85061516
|
| 650 |
|
0 |
|a Jews
|x Government policy
|z Germany
|x History
|y 20th century.
|
| 651 |
|
0 |
|a Germany
|x Politics and government
|y 1933-1945.
|0 http://id.loc.gov/authorities/subjects/sh85054640
|
| 651 |
|
0 |
|a Germany
|x Ethnic relations.
|0 http://id.loc.gov/authorities/subjects/sh2008105263
|
| 650 |
|
7 |
|a HISTORY
|x Holocaust.
|2 bisacsh
|
| 655 |
|
4 |
|a Electronic books.
|
| 700 |
1 |
|
|a Matthäus, Jürgen,
|d 1959-
|0 http://id.loc.gov/authorities/names/n94026686
|
| 776 |
0 |
8 |
|i Print version:
|a Browning, Christopher R.
|t Origins of the Final Solution.
|d Lincoln : University of Nebraska Press, c2004
|z 0803213271
|w (DLC) 2003060813
|w (OCoLC)52838928
|
| 830 |
|
0 |
|a Comprehensive history of the Holocaust.
|0 http://id.loc.gov/authorities/names/n2003059885
|
| 856 |
4 |
1 |
|u https://proxy.library.tamu.edu/login?url=http://www.netLibrary.com/urlapi.asp?action=summary&v=1&bookid=103454
|z Connect to the full text of this electronic book
|t 0
|
| 994 |
|
|
|a C0
|b TXA
|
| 999 |
|
|
|a MARS
|
| 999 |
f |
f |
|s f1ba6dc6-87b5-35aa-be2b-7f27fa53475e
|i 6b1d281e-5190-3296-9180-1877b3bcc3cd
|t 0
|
| 952 |
f |
f |
|a Texas A&M University
|b College Station
|c Electronic Resources
|d Available Online
|t 0
|e D804.3 .B773 2004eb
|h Library of Congress classification
|
| 998 |
f |
f |
|a D804.3 .B773 2004eb
|t 0
|l Available Online
|